Hands to myself (Selena Gomez) - lyrics - Statistics

General Stats
  • This quiz has been taken 43 times
  • The average score is 277 of 316
Answer Stats
Answer
% Correct
Can't
100%
Cant
100%
hands
100%
keep
100%
Keep
100%
keep,
100%
my
100%
My
100%
myself
100%
to
100%
to?
100%
a
97%
I
97%
I,
97%
No
97%
no
97%
want
97%
all
94%
All
94%
and
94%
And
94%
you
94%
I'm
91%
me
91%
the
91%
The
91%
trying
91%
how
88%
love
88%
matter
88%
but
85%
But
85%
each
85%
hard
85%
making
85%
Of
85%
of
85%
other
85%
Your
85%
your
85%
Oh
82%
oh
82%
give
79%
Give
79%
go
79%
juice
79%
be
76%
could
76%
it
76%
why
76%
like
73%
on
73%
So
73%
what
73%
would
73%
mean
70%
taste
70%
in
67%
next
67%
good
64%
it's
64%
they
64%
uppers
64%
come
61%
else
61%
gin
61%
nothing
61%
you're
61%
cause
58%
day
58%
people
58%
say
58%
single
58%
wanna
58%
doctors
55%
downs
55%
every
55%
metaphorical
55%
if
52%
know
52%
waste
52%
let
48%
Won't
48%
one
45%
should
45%
drop
42%
self
36%
breathe
33%
I'd
33%
No matching quizzes found
Score Distribution
Percent of People with Each Score
Percentile by Number Answered
Your Score History
You have not taken this quiz